52 conferencias de actualidad dogmática apologéticas sobre el Credo / (Record no. 45090)

MARC details
000 -LEADER
campo de control de longitud fija 00527nam a2200169 i 4500
001 - NÚMERO DE CONTROL
campo de control 45090
003 - IDENTIFICADOR DE NÚMERO DE CONTROL
campo de control ES-MaACL
005 - FECHA Y HORA DE LA ÚLTIMA TRANSACCIÓN
campo de control 20230906161143.0
007 - CAMPO FIJO DE DESCRIPCIÓN FÍSICA--INFORMACIÓN GENERAL
campo de control de longitud fija t|
008 - DATOS DE LONGITUD FIJA--INFORMACIÓN GENERAL
campo de control de longitud fija 030325s1952 sp ||||1| spa d
100 1# - ENTRADA PRINCIPAL--NOMBRE DE PERSONA
Nombre de persona Codina Canals, José.
9 (RLIN) 39431
245 10 - MENCIÓN DEL TÍTULO
Título 52 conferencias de actualidad dogmática apologéticas sobre el Credo /
Mención de responsabilidad, etc. por José Codina Canals.
260 ## - PUBLICACIÓN, DISTRIBUCIÓN, ETC.
Lugar de publicación, distribución, etc. Barcelona :
Nombre del editor, distribuidor, etc. [s.n.,
Fecha de publicación, distribución, etc. 1952] (
Fabricante Imp. Rev. Ibérica)
300 ## - DESCRIPCIÓN FÍSICA
Extensión 2 t. ;
Dimensiones 20 cm.
650 04 - PUNTO DE ACCESO ADICIONAL DE MATERIA--TÉRMINO DE MATERIA
Término de materia o nombre geográfico como elemento de entrada Credo.
9 (RLIN) 11413
852 ## - LOCALIZACIÓN
Ubicación ES-MaACL
Número de control de estantería C-13584-5
Sublocalización o colección R.41307
Holdings
Estatus retirado Estado de pérdida Estado de daño No para préstamo Biblioteca de origen Biblioteca actual Ubicación en estantería Fecha de adquisición Fuente de adquisición Total de préstamos Signatura topográfica completa Código de barras Visto por última vez Precio de reemplazo Tipo de ítem Koha
        Biblioteca del Ateneo de Madrid Biblioteca del Ateneo de Madrid Sala Palomar 17/01/2008     C-13584-5 1047452 23/02/2023 23/02/2023 Libro impreso